Statistics for Beatles Fast typing

Click here to take the quiz!

General Stats

  • This quiz has been taken 84 times
  • The average score is 9 of 13

Answer Stats

HintAnswer% Correct
johnjohn
95%
paulpaul
95%
beatlesbeatles
90%
georgegeorge
90%
ringoringo
90%
lucylucy
82%
drumsdrums
74%
bassbass
72%
lindalinda
67%
yokoyoko
59%
marthamartha
51%
all you need is loveall you need is love
23%
hard days nighthard days night
13%

Score Distribution

Percentile by Number Answered

Percent of People with Each Score

Your Score History

You have not taken this quiz